Jack Dempsey, the Manassa mauler /

Bibliographic Details
Main Author: Roberts, Randy, 1951-
Format: Book
Language:English
Published: Baton Rouge : Louisiana State University Press, [1979]
Subjects:

MARC

Tag First Indicator Second Indicator Subfields
LEADER 00000cam a22000008i 4500
001 in00000037757
005 20151007080614.0
008 790530s1979 laua b 00110beng
010 |a  79015145  
020 |a 0807105880 :  |c $14.95 
035 |a (OCoLC)05101680 
035 |9 AAF5085AM 
040 |a DLC  |c DLC  |d TXA  |d UtOrBLW 
049 |a TXAM  |c [980835] 
050 0 0 |a GV1132.D4  |b R62 
082 0 |a 796.8/3/0924  |a B 
100 1 |a Roberts, Randy,  |d 1951- 
245 1 0 |a Jack Dempsey, the Manassa mauler /  |c Randy Roberts. 
263 |a 7911 
264 1 |a Baton Rouge :  |b Louisiana State University Press,  |c [1979] 
264 4 |c ©1979 
300 |a 310 pages, 11 unnumbered leaves of plates :  |b illustrations ;  |c 24 cm. 
336 |a text  |b txt  |2 rdacontent 
337 |a unmediated  |b n  |2 rdamedia 
338 |a volume  |b nc  |2 rdacarrier 
500 |a Includes index. 
504 |a Bibliography: pages 293-303. 
600 1 0 |a Dempsey, Jack,  |d 1895-1983. 
650 0 |a Boxers (Sports)  |z United States  |v Biography. 
999 |a MARS 
999 f f |s f616954f-2d4f-360c-95dd-4eabbb47bb85  |i 1f6233e2-1b1e-3305-a0ef-e5fa39a6ce06  |t 0 
952 f f |p ric  |a Texas A&M University  |b Rellis Campus  |c Joint Library Facility  |d Remote Storage  |t 0  |e GV1132.D4 R62  |h Library of Congress classification  |i unmediated -- volume  |m A14802486128 
998 f f |a GV1132.D4 R62  |t 0  |l Remote Storage